Alemania (Record no. 7819)

MARC details
000 -CABECERA
campo de control de longitud fija 00670nam a2200229 a 4500
001 - NÚMERO DE CONTROL
campo de control BRCA_8151
005 - FECHA Y HORA DE LA ÚLTIMA TRANSACCIÓN
campo de control 20190320210144.0
008 - DATOS DE LONGITUD FIJA--INFORMACIÓN GENERAL
campo de control de longitud fija 300414s1954----gw-a###f##---#001-0#spa-#
041 ## - CÓDIGO DE LENGUA
Código de lengua del texto/banda sonora o título independiente spa
044 ## - CÓDIGO DEL PAÍS DE LA ENTIDAD EDITORA/PRODUCTORA
Código MARC del país gw
050 #4 - SIGNATURA TOPOGRÁFICA DE LA BIBLIOTECA DEL CONGRESO
Número de clasificación DD341
Número de documento/Ítem .A44
100 1# - ENTRADA PRINCIPAL--NOMBRE DE PERSONA
Nombre de persona Boas, William S.
9 (RLIN) 20311
245 10 - MENCIÓN DE TÍTULO
Título Alemania
Resto del título 1945-1954
Mención de responsabilidad, etc. William S. Boas.
260 ## - PUBLICACIÓN, DISTRIBUCIÓN, ETC.
Lugar de publicación, distribución, etc. Alemania
Nombre del editor, distribuidor, etc. Boas
Fecha de publicación, distribución, etc. [1954]
300 ## - DESCRIPCIÓN FÍSICA
Extensión 773 p.
Otras características físicas il., fot., tablas, mapas
Dimensiones 30 cm.
500 ## - NOTA GENERAL
Nota general X34
651 #4 - PUNTO DE ACCESO ADICIONAL DE MATERIA--NOMBRE GEOGRÁFICO
Nombre geográfico República Federal Alemana
Subdivisión de forma Historia
9 (RLIN) 20312
651 #4 - PUNTO DE ACCESO ADICIONAL DE MATERIA--NOMBRE GEOGRÁFICO
Nombre geográfico República Federal Alemana
Subdivisión de forma Economía
9 (RLIN) 20313
651 #4 - PUNTO DE ACCESO ADICIONAL DE MATERIA--NOMBRE GEOGRÁFICO
Nombre geográfico República Federal Alemana
Subdivisión de forma Industria y comercio
9 (RLIN) 20314
902 ## - CATALOGADOR
Iniciales GFM
942 ## - ELEMENTOS DE PUNTO DE ACCESO ADICIONAL (KOHA)
Fuente del sistema de clasificación o colocación Library of Congress Classification
Tipo de ítem Koha Libros
Holdings
Estado de retiro Estado de pérdida Estado dañado No para préstamo Localización permanente Ubicación/localización actual Fecha de adquisición Número de inventario Total de préstamos Signatura topográfica completa Código de barras Fecha visto por última vez Precio válido a partir de Tipo de ítem Koha
El ejemplar forma parte de la colección y puede ser consultado según las políticas vigentes.       Biblioteca del Museo Franz Mayer (Rogerio Casas-Alatriste) Biblioteca del Museo Franz Mayer (Rogerio Casas-Alatriste) 30/04/2014 X34   DD341 .A44 (X34) 8775 22/03/2019 22/03/2019 Libros